Countries by Former Shape #10 - Statistics

General Stats
  • This quiz has been taken 38 times
  • The average score is 8 of 10
Answer Stats
Picture Answer % Correct
Senegal
95%
Laos
92%
Chile
89%
Libya
89%
Togo
89%
Canada
84%
Bangladesh
81%
Estonia
73%
Kyrgyzstan
35%
Samoa
32%
No matching quizzes found
Score Distribution
Percent of People with Each Score
Percentile by Number Answered
Your Score History
You have not taken this quiz